Loading...
| Social Science | 0 | 11 | 0 | 3 | 110 | 15 | 79.91 | 3 | 8 |
| History - World History | 0 | 10 | 1 | 0 | 95 | 55 | 84.20 | 3 | 7 |
| History - American History | 0 | 7 | 0 | 1 | 70 | 43 | 93.00 | 3 | 3 |
| Fine Arts - Classical Music | 0 | 5 | 0 | 0 | 50 | 94 | 107.20 | 1 | 3 |
| Philosophy | 0 | 5 | 0 | 0 | 50 | 76 | 109.60 | 1 | 3 |
| Religion | 0 | 6 | 2 | 0 | 50 | 16 | 77.50 | 3 | 4 |
| Science - Other Science | 0 | 5 | 0 | 1 | 50 | 28 | 83.40 | 3 | 4 |
| History - Other History | 0 | 5 | 1 | 0 | 45 | 49 | 62.60 | 4 | 5 |
| Literature - American Literature | 0 | 4 | 0 | 0 | 40 | 68 | 108.00 | 0 | 3 |
| Literature - British Literature | 0 | 4 | 0 | 0 | 40 | 112 | 123.75 | 0 | 1 |
| Other | 0 | 5 | 3 | 0 | 35 | 23 | 36.20 | 2 | 5 |
| History - European History | 0 | 3 | 0 | 1 | 30 | 87 | 109.67 | 1 | 2 |
| Fine Arts - Other Fine Arts | 0 | 2 | 0 | 0 | 20 | 65 | 65.00 | 0 | 2 |
| Fine Arts - Painting & Sculpture | 0 | 1 | 0 | 0 | 10 | 117 | 117.00 | 0 | 0 |
| Literature - European Literature | 0 | 1 | 0 | 1 | 10 | 153 | 153.00 | 0 | 1 |
| Science - Biology | 0 | 1 | 0 | 0 | 10 | 37 | 37.00 | 1 | 1 |
| Mythology | 0 | 0 | 2 | 0 | -10 | 0.00 | 0 | 0 |